Online Catalogue and eLibrary

The embodiment of reason : (Record no. 766)

MARC details
000 -LEADER
fixed length control field 00480nam a2200169Ia 4500
005 - DATE AND TIME OF LATEST TRANSACTION
control field 20240712014400.0
008 - FIXED-LENGTH DATA ELEMENTS--GENERAL INFORMATION
fixed length control field 240331s9999 xx 000 0 und d
020 ## - INTERNATIONAL STANDARD BOOK NUMBER
ISBN 0226752178
082 ## - DDC Classification
Class No. 193
Item Number - Author Mark SHE
100 ## - MAIN ENTRY--PERSONAL NAME
Personal name Shell, S.M
245 #4 - TITLE STATEMENT
Title The embodiment of reason :
Remainder of title Kent on spirit,generation,and community
260 ## - PUBLICATION, DISTRIBUTION, ETC.
Place of publication, distribution, etc. London
Name of publisher, distributor, etc. The University of Chicago press, Ltd
Date of publication, distribution, etc. 1996
300 ## - PHYSICAL DESCRIPTION
Extent (e.g. Volumes, Pages etc.) vii, 483 p .,
650 ## - SUBJECT ADDED ENTRY--TOPICAL TERM
Topical term or geographic name entry element Sexual Politics
650 ## - SUBJECT ADDED ENTRY--TOPICAL TERM
Topical term or geographic name entry element Critical Philosophy
942 ## - Koha item type (Biblio)
Koha item type Books in Stacks (Lending)
Holdings
Lost status Damaged status Collection code Home library Current library Shelving location Date acquired Full call number Accession Number Item type
    Lending WERC Library WERC Library Social Science Cupboard 03/31/2024 193 SHE 2263 Books in Stacks (Lending)

© WERC Library